|
|
|
|
| LEADER |
00565cam a2200169ua 4500 |
| 020 |
|
|
|a 81-7829-523-7
|
| 082 |
|
|
|a 305
|b ARV/R
|
| 100 |
0 |
|
|a Arvind Sharma
|
| 245 |
0 |
0 |
|a Reservation and affirmative action: models of social integration in India and the United States /
|
| 250 |
|
|
|a 1st
|
| 260 |
|
|
|a New Delhi:
|b Sage,
|c 2005.
|
| 300 |
|
|
|a 194p.
|
| 650 |
|
|
|a Social integration
|
| 650 |
0 |
|
|a Caste-government-policy
|
| 942 |
|
|
|c BK
|
| 999 |
|
|
|c 13485
|d 13485
|
| 952 |
|
|
|0 0
|1 0
|4 0
|6 305_000000000000000_ARV
|7 0
|9 14066
|a KUCL
|b KUCL
|d 2014-05-23
|l 0
|o 305 ARV/
|p 15257
|r 2014-05-23
|w 2014-05-23
|y BK
|